<?xml version="1.0" encoding="UTF-8"?><?xml-stylesheet type="text/xsl" href="static/style.xsl"?><OAI-PMH xmlns="http://www.openarchives.org/OAI/2.0/" xmlns:xsi="http://www.w3.org/2001/XMLSchema-instance" xsi:schemaLocation="http://www.openarchives.org/OAI/2.0/ http://www.openarchives.org/OAI/2.0/OAI-PMH.xsd"><responseDate>2026-04-17T15:59:18Z</responseDate><request verb="GetRecord" identifier="oai:www.recercat.cat:2445/173292" metadataPrefix="marc">https://recercat.cat/oai/request</request><GetRecord><record><header><identifier>oai:recercat.cat:2445/173292</identifier><datestamp>2025-12-05T15:56:52Z</datestamp><setSpec>com_2072_1057</setSpec><setSpec>col_2072_478860</setSpec><setSpec>col_2072_478917</setSpec></header><metadata><record xmlns="http://www.loc.gov/MARC21/slim" xmlns:dcterms="http://purl.org/dc/terms/" xmlns:xsi="http://www.w3.org/2001/XMLSchema-instance" xmlns:doc="http://www.lyncode.com/xoai" xsi:schemaLocation="http://www.loc.gov/MARC21/slim http://www.loc.gov/standards/marcxml/schema/MARC21slim.xsd">
   <leader>00925njm 22002777a 4500</leader>
   <datafield ind2=" " ind1=" " tag="042">
      <subfield code="a">dc</subfield>
   </datafield>
   <datafield ind2=" " ind1=" " tag="720">
      <subfield code="a">Rodríguez-Garrido, Pía</subfield>
      <subfield code="e">author</subfield>
   </datafield>
   <datafield ind2=" " ind1=" " tag="720">
      <subfield code="a">Goberna Tricas, Josefina</subfield>
      <subfield code="e">author</subfield>
   </datafield>
   <datafield ind2=" " ind1=" " tag="260">
      <subfield code="c">2021-01-20T14:42:04Z</subfield>
   </datafield>
   <datafield ind2=" " ind1=" " tag="260">
      <subfield code="c">2021-01-20T14:42:04Z</subfield>
   </datafield>
   <datafield ind2=" " ind1=" " tag="260">
      <subfield code="c">2020-06-30</subfield>
   </datafield>
   <datafield ind2=" " ind1=" " tag="260">
      <subfield code="c">2021-01-20T14:42:04Z</subfield>
   </datafield>
   <datafield ind2=" " ind1=" " tag="520">
      <subfield code="a">Objetivo: analizar el concepto de seguridad sobre el parto en el domicilio en la literatura científica. Metodología: revisión bibliográfica en 5 bases de datos, PubMed, Scopus, WoS, CINAHL y Cochrane Library, con 3 combinaciones booleanas: «patient safety AND home childbirth»; «safety AND home childbirth»; «risk AND home childbirth». Resultados: de un total de 4.647 artículos, 30 cumplían con los criterios de inclusión. Categorías principales: 1) riesgo de muerte; 2) escenario del parto; 3) modelo consensuado. Conclusiones: la literatura científica que aborda el concepto de seguridad del parto en el domicilio está atravesada por nociones de riesgo y mortalidad. Ambas son determinantes al momento de tomar la decisión y decretar un lugar idóneo para el nacimiento. No obstante, la evidencia científica determina estándares de seguridad para llevar a cabo el parto en el domicilio: bajo riesgo obstétrico, acompañamiento de una matrona experta y un sistema de transferencia sanitaria bien integrado.</subfield>
   </datafield>
   <datafield tag="653" ind2=" " ind1=" ">
      <subfield code="a">Seguretat dels pacients</subfield>
   </datafield>
   <datafield tag="653" ind2=" " ind1=" ">
      <subfield code="a">Part</subfield>
   </datafield>
   <datafield tag="653" ind2=" " ind1=" ">
      <subfield code="a">Llevadores</subfield>
   </datafield>
   <datafield tag="653" ind2=" " ind1=" ">
      <subfield code="a">Patients safety</subfield>
   </datafield>
   <datafield tag="653" ind2=" " ind1=" ">
      <subfield code="a">Parturition</subfield>
   </datafield>
   <datafield tag="653" ind2=" " ind1=" ">
      <subfield code="a">Midwives</subfield>
   </datafield>
   <datafield ind2="0" ind1="0" tag="245">
      <subfield code="a">(In)seguridad del parto en el domicilio: una revisión bibliográfica</subfield>
   </datafield>
</record></metadata></record></GetRecord></OAI-PMH>